Power talk! [ the power of anticipation
| Main Author: | |
|---|---|
| Format: | Book |
| Published: |
Los Angeles :
Audio Renaissance Tapes ,
1992
|
| Subjects: |
MARC
| LEADER | 00000cam a2200000 7i4500 | ||
|---|---|---|---|
| 001 | 0000001400 | ||
| 002 | 000001540 | ||
| 005 | 20021108.0 | ||
| 020 | |a 1559272236 | ||
| 090 | 0 | 0 | |a 158 |b ROB |
| 100 | 1 | |a Robbins, Anthony | |
| 245 | 1 | 0 | |a Power talk! [ |h sound recording] : |b the power of anticipation |c Anthony Robbins |
| 260 | |a Los Angeles : |b Audio Renaissance Tapes , |c 1992 | ||
| 300 | |a 2 sound cassettes [3 hours] |e 1 bonus booklet | ||
| 650 | 0 | 0 | |a Anticipation [Philosophy] |x Success |
| 999 | |a 00006 |b KASET |c KOLEKSI AUDIO VIDEO |e PERPUSTAKAAN KOMUNITI PETALING JAYA | ||